[Event "14. Lichtenberger Sommer"]
[Site "14. Lichtenberger Sommer"]
[Date "2015.08.15"]
[Round "1.28"]
[White "Kretzschmar, Jan"]
[Black "Postler, Reinhard"]
[Result "0-1"]
[WhiteElo "1830"]
[BlackElo "2214"]
[PlyCount "74"]
[EventDate "2015.??.??"]
[WhiteTeam "SC Kreuzberg"]
[BlackTeam "TSG Oberschöneweide"]

1. d4 d5 2. Nf3 c6 3. c4 Nf6 4. e3 e6 5. Nc3 Nbd7 6. Qc2 Bd6 7. Bd3 O-O 8. cxd5
exd5 9. Bd2 Re8 10. O-O Nf8 11. h3 Qe7 12. e4 dxe4 13. Nxe4 Nxe4 14. Rfe1 Nxd2
15. Rxe7 Nxf3+ 16. gxf3 Rxe7 17. Kg2 Be6 18. a3 Ng6 19. Bxg6 hxg6 20. h4 Bd5
21. Rh1 Re6 22. Rh3 Rae8 23. Qc3 Re1 24. h5 Rd1 25. Rh1 Rxh1 26. Kxh1 gxh5 27.
Kg2 Re6 28. Qa5 Rf6 29. Qd8+ Kh7 30. Qd7 Bxf3+ 31. Kf1 h4 32. b4 b5 33. Qh3 Bg3
34. Ke1 Bxf2+ 35. Kd2 g5 36. Qd7 Kg7 37. Kc3 Rf4 0-1

[Event "14. Lichtenberger Sommer"]
[Site "14. Lichtenberger Sommer"]
[Date "2015.08.15"]
[Round "1.29"]
[White "De Sallier, Francois"]
[Black "Lischeid, Kilian"]
[Result "1-0"]
[WhiteElo "2131"]
[BlackElo "1652"]
[PlyCount "117"]
[EventDate "2015.??.??"]
[WhiteTeam "Club du Canal St-Martin Paris"]
[BlackTeam "Schachunion Berlin"]

1. e4 c5 2. Nc3 Nc6 3. Bb5 g6 4. Bxc6 dxc6 5. d3 Bg7 6. f4 e5 7. Nf3 Bg4 8. O-O
Ne7 9. Qe1 Bxf3 10. Rxf3 exf4 11. Bxf4 O-O 12. Qh4 Qd4+ 13. Kh1 Bf6 14. Qg3
Rae8 15. a3 Qd7 16. Raf1 Bg7 17. Bd6 f5 18. Bxc5 fxe4 19. Rxf8+ Rxf8 20. Rxf8+
Bxf8 21. Nxe4 Bg7 22. Qb8+ Qc8 23. Qxa7 Nf5 24. b3 h5 25. Qa4 Kh8 26. Qc4 Qe8
27. Qb4 Qc8 28. Qd2 Qd7 29. Qg5 Qe8 30. Bb6 Kh7 31. Qd8 Qxd8 32. Bxd8 Nd4 33.
c3 Nxb3 34. Kg1 Kg8 35. Kf2 Kf7 36. Ke2 Ke6 37. Kd1 Bf8 38. Kc2 Nc5 39. Nxc5+
Bxc5 40. a4 Bd6 41. h3 Ke5 42. Bg5 Kf5 43. Be3 Ke5 44. Kd2 Ke6 45. d4 Bc7 46.
c4 Kf5 47. Kd3 Bb6 48. Bg1 Ba5 49. Bh2 Bb6 50. d5 Bc5 51. dxc6 bxc6 52. Bc7 Ke6
53. a5 Kd7 54. Bb6 Bd6 55. Ke4 Bg3 56. a6 Kc8 57. Bd4 Bd6 58. Be5 Be7 59. Kf4
1-0

[Event "14. Lichtenberger Sommer"]
[Site "14. Lichtenberger Sommer"]
[Date "2015.08.15"]
[Round "1.30"]
[White "Albinus, Günter"]
[Black "Dimitrijeski, Kristian"]
[Result "0-1"]
[WhiteElo "1887"]
[BlackElo "2158"]
[PlyCount "124"]
[EventDate "2015.??.??"]
[WhiteTeam "SG Weißensee 49"]
[BlackTeam "SK König Tegel"]

1. Nf3 d5 2. b3 Bf5 3. Bb2 e6 4. e3 Nf6 5. Be2 Nbd7 6. O-O Bd6 7. d4 Ne4 8. c4
c6 9. Nbd2 Nxd2 10. Nxd2 O-O 11. Nf3 Qe7 12. Qd2 Bg4 13. Ne5 Bb4 14. Qd1 Bxe2
15. Qxe2 Nxe5 16. dxe5 dxc4 17. Qxc4 Rfd8 18. Rfd1 Rd5 19. e4 Rxd1+ 20. Rxd1
Rd8 21. Qc2 h6 22. Rd3 Rxd3 23. Qxd3 Bc5 24. Bc3 Qg5 25. Qd2 Qg4 26. Qe1 Qf4
27. Bb2 Bb6 28. Qe2 h5 29. g3 Qg5 30. Kg2 h4 31. f4 Qe7 32. Qc2 Qb4 33. Kh3
hxg3 34. hxg3 Qe1 35. Qg2 Qb1 36. Bc3 Qc1 37. Bb2 Qd1 38. Kh2 Be3 39. Bc3 c5
40. f5 exf5 41. exf5 Qd3 42. Bb2 Qxf5 43. Qe2 Bd4 44. Kg2 Kf8 45. g4 Qb1 46.
Bxd4 cxd4 47. Kf2 Qc1 48. Kf3 g5 49. Ke4 Qf4+ 50. Kd3 b6 51. Qe4 Qf1+ 52. Kxd4
Qa1+ 53. Kc4 Qxa2 54. Qf5 Qe2+ 55. Kb4 Qd2+ 56. Kc4 Qf4+ 57. Qxf4 gxf4 58. Kd4
Ke7 59. Ke4 Ke6 60. Kxf4 a5 61. Ke4 b5 62. Kd4 a4 0-1

[Event "14. Lichtenberger Sommer"]
[Site "14. Lichtenberger Sommer"]
[Date "2015.08.15"]
[Round "1.31"]
[White "Mahn, Franko"]
[Black "Krüger, Ekkehard"]
[Result "1-0"]
[WhiteElo "2169"]
[BlackElo "1813"]
[PlyCount "75"]
[EventDate "2015.??.??"]
[WhiteTeam "SC Weisse Dame (Berlin)"]
[BlackTeam "Narva Berlin"]

1. d4 d5 2. c4 c6 3. Nc3 Nf6 4. e3 e6 5. Nf3 Bd6 6. Qc2 Nbd7 7. Bd3 dxc4 8.
Bxc4 Nb6 9. Bd3 Nbd5 10. a3 Nxc3 11. bxc3 Qc7 12. O-O c5 13. c4 cxd4 14. exd4
h6 15. Re1 O-O 16. Ne5 Nd7 17. Qe2 Bxe5 18. dxe5 f5 19. exf6 Nxf6 20. Bb2 Bd7
21. Rac1 Qf4 22. h3 Rad8 23. Be5 Qh4 24. Bd6 Nh5 25. Bxf8 Nf4 26. Qe3 Rxf8 27.
Be4 b6 28. c5 e5 29. Qg3 Qf6 30. c6 Bc8 31. Kh1 Ba6 32. c7 Rc8 33. Qb3+ Kf8 34.
Qa4 b5 35. Qb4+ Qe7 36. Bf5 Re8 37. c8=Q Bxc8 38. Rxc8 1-0

[Event "14. Lichtenberger Sommer"]
[Site "14. Lichtenberger Sommer"]
[Date "2015.08.15"]
[Round "1.32"]
[White "Casny, Guenter"]
[Black "Amelang, Thomas"]
[Result "0-1"]
[WhiteElo "1838"]
[BlackElo "2158"]
[PlyCount "102"]
[EventDate "2015.??.??"]
[WhiteTeam "SC Rochade (Berlin)"]
[BlackTeam "SK Siemens München"]

1. e4 g6 2. Nc3 Bg7 3. g3 c5 4. Bg2 Nc6 5. d3 d6 6. f4 Nf6 7. Nf3 Bd7 8. O-O
Qc8 9. Ne2 Bh3 10. c3 Bxg2 11. Kxg2 O-O 12. Be3 c4 13. Qc2 cxd3 14. Qxd3 Rd8
15. Rad1 Qe6 16. Nd2 Qxa2 17. b3 Qa5 18. b4 Qc7 19. Ra1 a6 20. Nc4 Nd7 21. Ra3
Rac8 22. Rc1 Nce5 23. Nxe5 dxe5 24. c4 Nf6 25. Qc2 Qc6 26. fxe5 Nxe4 27. Nd4
Rxd4 28. Bxd4 Ng5+ 29. Kf1 Qh1+ 30. Bg1 Bxe5 31. Qg2 Qxg2+ 32. Kxg2 Bb2 33.
Rac3 Ne4 34. R3c2 Bxc1 35. Rxc1 f6 36. Rc2 Kf7 37. Kf3 Ng5+ 38. Ke2 e5 39. Be3
Ne6 40. c5 f5 41. Rd2 Rd8 42. Rc2 Nd4+ 43. Bxd4 Rxd4 44. c6 bxc6 45. Rxc6 Rxb4
46. Rxa6 Rb2+ 47. Kf3 Rxh2 48. Ra7+ Kf6 49. Ra6+ Kg5 50. Re6 e4+ 51. Ke3 Rg2
0-1

[Event "14. Lichtenberger Sommer"]
[Site "14. Lichtenberger Sommer"]
[Date "2015.08.15"]
[Round "1.33"]
[White "Kohler, Thomas"]
[Black "Lieder, Günter"]
[Result "1-0"]
[WhiteElo "2206"]
[BlackElo "1849"]
[PlyCount "65"]
[EventDate "2015.??.??"]
[WhiteTeam "SC Zitadelle Spandau"]
[BlackTeam "SK Turm Bad Hersfeld"]

1. Nf3 c5 2. c4 Nc6 3. Nc3 Nf6 4. g3 g6 5. Bg2 Bg7 6. O-O O-O 7. d4 cxd4 8.
Nxd4 a6 9. Nc2 d6 10. b3 Bg4 11. Ne3 Bd7 12. Bb2 Rb8 13. Rc1 Re8 14. Qd2 Ne5
15. h3 Bc6 16. Ncd5 Bxd5 17. cxd5 Ned7 18. Nc4 Nb6 19. Na5 Nfd7 20. Bxg7 Kxg7
21. Rc2 Nf6 22. Rfc1 Na8 23. Rc4 h5 24. b4 Qd7 25. Qc2 Rf8 26. Qc3 Kh7 27. Qe3
Ng8 28. g4 hxg4 29. hxg4 Rbc8 30. g5 Rxc4 31. Rxc4 Rc8 32. Bh3 e6 33. dxe6 1-0

[Event "14. Lichtenberger Sommer"]
[Site "14. Lichtenberger Sommer"]
[Date "2015.08.15"]
[Round "1.34"]
[White "Schneider, Eckehard"]
[Black "Niehaus, Frank"]
[Result "0-1"]
[WhiteElo "1780"]
[BlackElo "2203"]
[PlyCount "58"]
[EventDate "2015.??.??"]
[WhiteTeam "SF 1903 Berlin"]
[BlackTeam "SK König Tegel"]

1. e4 e5 2. Nf3 d6 3. d4 Nd7 4. Nc3 Ngf6 5. Bc4 Be7 6. O-O O-O 7. Qe2 c6 8. h3
b5 9. Bd3 a6 10. Be3 Qc7 11. a3 Re8 12. Qd2 Bb7 13. Rfe1 Bf8 14. Rad1 Rad8 15.
Qc1 exd4 16. Nxd4 c5 17. Nf5 c4 18. Bf1 Nxe4 19. Nxe4 Bxe4 20. Ng3 Bg6 21. Bf4
Ne5 22. Qd2 f6 23. Qc3 d5 24. Re2 a5 25. Qe1 Bc5 26. c3 Nf3+ 27. gxf3 Qxf4 28.
Rxd5 Qxg3+ 29. Bg2 Bxf2+ 0-1

[Event "14. Lichtenberger Sommer"]
[Site "14. Lichtenberger Sommer"]
[Date "2015.08.15"]
[Round "1.35"]
[White "Gallien, Fabian"]
[Black "Feyer, Leon"]
[Result "1-0"]
[WhiteElo "2145"]
[BlackElo "1783"]
[PlyCount "99"]
[EventDate "2015.??.??"]
[WhiteTeam "SC Schwarz-Weiß Lichtenrade e.V."]
[BlackTeam "SV Empor Berlin"]

1. d4 d5 2. Nf3 Nf6 3. Bf4 e6 4. e3 Bd6 5. Nbd2 Bxf4 6. exf4 Nc6 7. c3 Qd6 8.
Ne5 Nd7 9. Bd3 Ndxe5 10. fxe5 Qe7 11. O-O Bd7 12. b4 a6 13. Nb3 Na7 14. Nc5 Bc6
15. Qg4 O-O 16. Rfe1 Nb5 17. Qh3 h6 18. Bf1 b6 19. Nd3 Na3 20. Rac1 Nc4 21. Nf4
Bb5 22. Bxc4 Bxc4 23. a3 Qg5 24. Nh5 Be2 25. f3 Bd3 26. f4 Qg6 27. Re3 Bf5 28.
Qh4 Qg4 29. Nf6+ gxf6 30. Rg3 Qxg3 31. hxg3 Kh7 32. g4 Be4 33. g5 fxg5 34. fxg5
Rh8 35. Qxh6+ Kg8 36. Qf6 Re8 37. Qf4 b5 38. Ra1 c6 39. a4 Ra8 40. Qf6 Bd3 41.
Qe7 bxa4 42. Rxa4 Bb5 43. Ra2 Rh7 44. g6 fxg6 45. Qxe6+ Kg7 46. Qf6+ Kg8 47.
Qxg6+ Rg7 48. Qe6+ Kh7 49. g4 Rag8 50. Rh2# 1-0

[Event "14. Lichtenberger Sommer"]
[Site "14. Lichtenberger Sommer"]
[Date "2015.08.15"]
[Round "1.36"]
[White "Körner, Helmut"]
[Black "Roth, Josef"]
[Result "0-1"]
[WhiteElo "1864"]
[BlackElo "2101"]
[PlyCount "82"]
[EventDate "2015.??.??"]
[WhiteTeam "SF Nordost Berlin"]
[BlackTeam "SK König Tegel"]

1. b4 d5 2. Bb2 Qd6 3. a3 e5 4. Nf3 f6 5. e3 Bg4 6. Be2 Nd7 7. d4 e4 8. Nfd2
Bxe2 9. Qxe2 f5 10. c4 c6 11. Nc3 Ngf6 12. cxd5 cxd5 13. Rc1 a6 14. f4 Be7 15.
b5 O-O 16. a4 Rfc8 17. O-O Nb6 18. Ra1 Qe6 19. a5 Nc4 20. Nxc4 Rxc4 21. bxa6
bxa6 22. Na4 Rac8 23. Nc5 Bxc5 24. dxc5 R4xc5 25. Bd4 Rc2 26. Qe1 Qc6 27. h3
Nd7 28. Kh1 Qg6 29. Rf2 R2c4 30. Qd1 Nc5 31. Bxc5 R8xc5 32. Rd2 Qc6 33. Qe2 h6
34. Kh2 Qc7 35. Qh5 d4 36. exd4 Qxf4+ 37. Kh1 Qxd2 38. Qe8+ Kh7 39. dxc5 Rc1+
40. Rxc1 Qxc1+ 41. Kh2 Qxc5 0-1

[Event "14. Lichtenberger Sommer"]
[Site "14. Lichtenberger Sommer"]
[Date "2015.08.15"]
[Round "1.37"]
[White "McGowan, Daniel"]
[Black "Seitz, Patrick"]
[Result "1-0"]
[WhiteElo "2120"]
[BlackElo "1665"]
[PlyCount "71"]
[EventDate "2015.??.??"]
[WhiteTeam "SF 1903 Berlin"]
[BlackTeam "SR Heuberg-Gosheim"]

1. e4 c5 2. Nf3 Nc6 3. Bb5 d6 4. O-O Bd7 5. Re1 g6 6. c3 Bg7 7. h3 a6 8. Bf1 b5
9. d4 cxd4 10. cxd4 Rc8 11. Nc3 Na5 12. Be3 Nc4 13. Bxc4 Rxc4 14. Qd2 e6 15. b3
Rc8 16. Rac1 Ne7 17. Ne2 Bc6 18. Ng3 O-O 19. Bh6 Bb7 20. Bxg7 Kxg7 21. h4 h5
22. Qg5 Rh8 23. Qf4 Ng8 24. Rxc8 Bxc8 25. e5 d5 26. Rc1 Bd7 27. Rc5 Nh6 28. Ng5
Qe7 29. Qc1 Rf8 30. Rc7 Rd8 31. Ra7 Qb4 32. Nf3 Rc8 33. Qg5 Be8 34. Nxh5+ Kh7
35. Nf6+ Kg7 36. h5 1-0

[Event "14. Lichtenberger Sommer"]
[Site "14. Lichtenberger Sommer"]
[Date "2015.08.15"]
[Round "1.38"]
[White "Jansen, Robert"]
[Black "Brümmel, Arend"]
[Result "0-1"]
[WhiteElo "1757"]
[BlackElo "2154"]
[PlyCount "94"]
[EventDate "2015.??.??"]
[WhiteTeam "SC Kreuzberg"]
[BlackTeam "Stader SV"]

1. d4 Nf6 2. c4 e6 3. Nc3 Bb4 4. Nf3 b6 5. e3 Ne4 6. Qb3 c5 7. a3 Bxc3+ 8. bxc3
Nc6 9. d5 Na5 10. Qc2 Nd6 11. Nd2 O-O 12. Bd3 Qh4 13. e4 Ba6 14. g3 Qe7 15. O-O
e5 16. f4 Ndxc4 17. Nxc4 Bxc4 18. Bxc4 Nxc4 19. f5 f6 20. Qe2 b5 21. Be3 Rfc8
22. Bf2 d6 23. Rfb1 a6 24. a4 Qd7 25. axb5 axb5 26. Ra2 Rxa2 27. Qxa2 Nb6 28.
Qa6 Na8 29. Rxb5 Nc7 30. Rb7 Qd8 31. Qb6 Ne8 32. Qb5 Ra8 33. c4 h5 34. Be1 Qc8
35. Qb6 Qd8 36. Qb5 Qc8 37. Qb6 Ra1 38. Kf1 Kf8 39. Rb8 Qa6 40. Qb3 Qa5 41. Qe3
Qa4 42. Qb3 Qa5 43. Qe3 Rd1 44. Qe2 Qa1 45. Rb2 Rxe1+ 46. Qxe1 Qxb2 47. Qd1
Qxh2 0-1

[Event "14. Lichtenberger Sommer"]
[Site "14. Lichtenberger Sommer"]
[Date "2015.08.15"]
[Round "1.39"]
[White "Relea, Nicolas"]
[Black "Wolff, Marie Antoinette"]
[Result "1-0"]
[WhiteElo "2085"]
[BlackElo "1643"]
[PlyCount "105"]
[EventDate "2015.??.??"]
[WhiteTeam "Club d'Echecs de Condom"]
[BlackTeam "Leegebrucher SF"]

1. Nc3 c5 2. e4 Nc6 3. Bb5 d6 4. Bxc6+ bxc6 5. d3 Nf6 6. Nge2 g6 7. O-O Bg7 8.
f4 O-O 9. f5 Rb8 10. Qe1 Qc7 11. Qh4 Bd7 12. b3 a6 13. a3 Rbc8 14. Bh6 d5 15.
Bf4 Qa7 16. Rf3 Rfe8 17. Raf1 Nh5 18. Bd2 c4+ 19. Kh1 cxb3 20. cxb3 d4 21. Na4
c5 22. Nb2 Bc6 23. Rh3 Qb7 24. Nc1 Rcd8 25. Nc4 Rc8 26. Kg1 Bb5 27. Na5 Qc7 28.
a4 Bc6 29. Nxc6 Qxc6 30. g4 Nf6 31. e5 Nxg4 32. Qxg4 Bxe5 33. Qh4 h5 34. Bg5
Qd6 35. Rhf3 Rc6 36. Ne2 Qd5 37. Ng3 Kg7 38. fxg6 fxg6 39. Bxe7 Re6 40. Rf7+
Kg8 41. Ne4 Qxb3 42. Nxc5 Qd5 43. Nxe6 Qxe6 44. Rf8+ Rxf8 45. Bxf8 Bc7 46. Qe7
Qe3+ 47. Qxe3 dxe3 48. Bc5 e2 49. Re1 Kf7 50. Rxe2 Kf6 51. d4 Kf5 52. d5 g5 53.
Be7 1-0

[Event "14. Lichtenberger Sommer"]
[Site "14. Lichtenberger Sommer"]
[Date "2015.08.15"]
[Round "1.40"]
[White "Schmidt, Rico"]
[Black "Zur, Jan"]
[Result "1/2-1/2"]
[WhiteElo "1828"]
[BlackElo "2103"]
[PlyCount "111"]
[EventDate "2015.??.??"]
[WhiteTeam "SG Weißensee 49"]
[BlackTeam "SC Rotation Pankow"]

1. Nf3 d5 2. c4 e6 3. e3 Nf6 4. b3 c5 5. Bb2 Nc6 6. cxd5 exd5 7. d4 Bg4 8. Be2
b6 9. h3 Bd7 10. Nc3 cxd4 11. Nxd4 Bc5 12. Nf3 Ne7 13. O-O O-O 14. Nb5 Ne4 15.
b4 Bxb5 16. Bxb5 Bd6 17. Qd4 Nf5 18. Qd3 Rc8 19. a3 Bb8 20. Rad1 Ne7 21. Ba4
Qd6 22. Be5 Qe6 23. Bxb8 Rxb8 24. Bb3 Rfd8 25. Nd2 Nf6 26. e4 Nxe4 27. Rfe1 Qc8
28. Nxe4 dxe4 29. Qxd8+ Qxd8 30. Rxd8+ Rxd8 31. Rxe4 Kf8 32. Kf1 f5 33. Re3 Nc6
34. b5 Nd4 35. Rd3 Ke7 36. Bc4 Kf6 37. f4 Rd6 38. a4 h6 39. h4 Ke7 40. Kf2 Ne6
41. Rxd6 Kxd6 42. Ke3 Nc5 43. Bd3 Nxa4 44. Bxf5 Nc3 45. Bd3 Kc5 46. g4 Nxb5 47.
Bxb5 Kxb5 48. g5 Kc5 49. f5 Kd6 50. f6 Ke6 51. fxg7 Kf7 52. gxh6 a5 53. Kd3 a4
54. Kc3 b5 55. Kb4 Kg8 56. Ka3 1/2-1/2

[Event "14. Lichtenberger Sommer"]
[Site "14. Lichtenberger Sommer"]
[Date "2015.08.15"]
[Round "1.41"]
[White "Stark, Ingo"]
[Black "Kornath, Heinrich"]
[Result "1-0"]
[WhiteElo "2121"]
[BlackElo "1829"]
[PlyCount "93"]
[EventDate "2015.??.??"]
[WhiteTeam "TSG Oberschöneweide"]
[BlackTeam "SG Eckturm (Berlin)"]

1. e4 c5 2. Nf3 e6 3. d4 cxd4 4. Nxd4 a6 5. Bd3 Qc7 6. O-O Nf6 7. Nc3 d6 8. Be3
Be7 9. f4 Nc6 10. Qe2 h5 11. Kh1 h4 12. Rae1 Bd7 13. Nf3 O-O-O 14. Ng5 Rdf8 15.
Na4 Nh5 16. Nb6+ Kb8 17. Nxd7+ Qxd7 18. Qg4 Nf6 19. Qh3 Nh5 20. Qxh4 Nf6 21.
Qg3 Nh5 22. Qg4 Nf6 23. Qf3 Bd8 24. c3 d5 25. Bc5 Re8 26. Rd1 Bc7 27. Bc2 Rh4
28. g3 Rh6 29. e5 Nh5 30. c4 f6 31. cxd5 Nxe5 32. fxe5 fxg5 33. d6 Bd8 34. Be4
Qb5 35. b4 Reh8 36. a4 Qc4 37. Bf2 Nf6 38. exf6 Rxh2+ 39. Kg1 gxf6 40. Qe3 Rxf2
41. Rxf2 f5 42. Bg2 Qxb4 43. Rd4 Qc5 44. Qf3 Rh7 45. d7 Qa7 46. Qc3 e5 47. Qc8#
1-0

[Event "14. Lichtenberger Sommer"]
[Site "14. Lichtenberger Sommer"]
[Date "2015.08.15"]
[Round "1.42"]
[White "Wallmann, Bodo"]
[Black "Simon, Ralf-Axel"]
[Result "0-1"]
[WhiteElo "1834"]
[BlackElo "2113"]
[PlyCount "148"]
[EventDate "2015.??.??"]
[WhiteTeam "SC Kreuzberg"]
[BlackTeam "TSG Neuruppin"]

1. d4 d5 2. Nf3 Nf6 3. c4 c6 4. Nc3 a6 5. cxd5 cxd5 6. Bg5 Ne4 7. Bf4 Nc6 8. e3
Bg4 9. Be2 Nxc3 10. bxc3 e6 11. O-O Bd6 12. Bxd6 Qxd6 13. Nd2 Bf5 14. c4 O-O
15. cxd5 exd5 16. a3 Rfc8 17. Bg4 Ne7 18. Bxf5 Nxf5 19. Qb3 Rc7 20. Rfc1 Rac8
21. Rxc7 Rxc7 22. h3 Qc6 23. Nf3 Nd6 24. Ne5 Qc3 25. Rb1 Qxb3 26. Rxb3 Kf8 27.
Nd3 Ne4 28. Nc5 Nxc5 29. dxc5 Rxc5 30. Rxb7 Rc1+ 31. Kh2 Rc3 32. Rd7 Rxa3 33.
Rxd5 Ke7 34. Kg3 Ra2 35. e4 Ra1 36. f4 a5 37. Kf3 Ra3+ 38. Ke2 Ra2+ 39. Kd1
Rxg2 40. Rxa5 g6 41. Ra7+ Kf8 42. Ra3 Rf2 43. f5 gxf5 44. exf5 Kg7 45. Ke1 Rxf5
46. Rg3+ Kh6 47. Ke2 Rf4 48. Ke3 Ra4 49. Kf2 Ra2+ 50. Kg1 f5 51. Rg8 Kh5 52.
Rg7 h6 53. Rg3 Kh4 54. Rf3 Kg5 55. Kh1 f4 56. Rb3 Kh4 57. Rf3 Kg5 58. Rb3 Kf5
59. Rb6 Kg5 60. Rb5+ Kh4 61. Rb3 Re2 62. Rf3 Kg5 63. Rb3 Re3 64. Rb5+ Kh4 65.
Kg2 Rg3+ 66. Kf2 Rxh3 67. Rb6 Kg5 68. Rb5+ Kg4 69. Rb4 Rh2+ 70. Kg1 Ra2 71. Rb1
Kg3 72. Rf1 f3 73. Rb1 h5 74. Kh1 Rh2+ 0-1

[Event "14. Lichtenberger Sommer"]
[Site "14. Lichtenberger Sommer"]
[Date "2015.08.15"]
[Round "1.43"]
[White "Hannebauer, Torsten"]
[Black "Kling, Maximilian"]
[Result "0-1"]
[WhiteElo "2166"]
[BlackElo "1759"]
[PlyCount "67"]
[EventDate "2015.??.??"]
[WhiteTeam "DB Woltersdorf"]
[BlackTeam "SK Kriegshaber"]

1. e4 e6 2. d4 d5 3. Nd2 dxe4 4. Nxe4 Bd7 5. Bd3 Bc6 6. Nf3 Nd7 7. Qe2 Be7 8.
O-O Ngf6 9. Ng3 O-O 10. b3 Nb6 11. c3 Bxf3 12. Qxf3 Qd5 13. Ne4 c6 14. Nxf6+
Bxf6 15. Qh3 g6 16. Re1 Bg7 17. Bh6 Nd7 18. Re3 c5 19. Bxg7 Kxg7 20. Qh4 cxd4
21. cxd4 Rad8 22. Bc4 Qd6 23. Rd1 Nb6 24. Rh3 h5 25. Rf3 Nxc4 26. bxc4 Rd7 27.
g4 Qe7 28. g5 Qb4 29. c5 Rd5 30. Qf4 Rf5 31. Qe3 Qa4 32. Rd2 Rxf3 33. Qxf3 Qb4
34. h4 0-1

[Event "14. Lichtenberger Sommer"]
[Site "14. Lichtenberger Sommer"]
[Date "2015.08.15"]
[Round "1.44"]
[White "Gunkel, Wolfgang"]
[Black "Albert, Jörg"]
[Result "0-1"]
[WhiteElo "1647"]
[BlackElo "2201"]
[PlyCount "96"]
[EventDate "2015.??.??"]
[WhiteTeam "SK International Berlin"]
[BlackTeam "SV Eiche Reichenbrand"]

1. e4 c6 2. d4 d5 3. Nc3 dxe4 4. Nxe4 Nf6 5. Nxf6+ exf6 6. Bc4 Qe7+ 7. Qe2 Be6
8. Bxe6 Qxe6 9. Qxe6+ fxe6 10. Bf4 Kf7 11. Nf3 Nd7 12. O-O-O Nb6 13. Rhe1 Nd5
14. Bd2 Bd6 15. c4 Nf4 16. Bxf4 Bxf4+ 17. Kc2 Rad8 18. g3 Bc7 19. b4 b5 20. a4
bxc4 21. Kc3 a5 22. Kxc4 axb4 23. Kxb4 Bd6+ 24. Kc4 Ra8 25. Ra1 Rhb8 26. a5 Rb2
27. Reb1 Rxb1 28. Rxb1 Rxa5 29. Rb7+ Be7 30. Kd3 Ra3+ 31. Ke2 Ra2+ 32. Ke3 Ra3+
33. Ke2 Ra5 34. h4 h5 35. Nd2 Rd5 36. Nf3 Ke8 37. Rb8+ Bd8 38. Rb7 Rd7 39. Rb8
Ke7 40. Rc8 Rc7 41. Ra8 Rb7 42. Ra2 Bc7 43. Rc2 Kd7 44. Ke3 Bb6 45. Ke4 Ra7 46.
Nd2 Ra3 47. Nc4 Rb3 48. f3 Bc7 0-1

[Event "14. Lichtenberger Sommer"]
[Site "14. Lichtenberger Sommer"]
[Date "2015.08.15"]
[Round "1.45"]
[White "Kather, Yannick"]
[Black "Woinowski, Michael"]
[Result "1/2-1/2"]
[WhiteElo "2041"]
[BlackElo "1748"]
[PlyCount "75"]
[EventDate "2015.??.??"]
[WhiteTeam "SC Weisse Dame (Berlin)"]
[BlackTeam "SC Kreuzberg"]

1. e4 e5 2. Nc3 Nc6 3. g3 Nf6 4. Bg2 Bc5 5. Nge2 d6 6. Na4 Bg4 7. f3 Bh5 8.
Nxc5 dxc5 9. O-O Qd7 10. d3 O-O-O 11. Be3 Qe7 12. Qe1 Nd4 13. Qf2 Nd7 14. Bxd4
cxd4 15. c3 c5 16. b4 Kb8 17. bxc5 Nxc5 18. cxd4 Nxd3 19. Qe3 Nb4 20. Rac1 exd4
21. Nxd4 Nd5 22. Qf2 Nb6 23. Nf5 Qf6 24. Kh1 Bg6 25. Ne3 Rhe8 26. Nc4 Qd4 27.
Qxd4 Rxd4 28. Nxb6 axb6 29. Rb1 Rd2 30. Rxb6 Re6 31. Rxe6 fxe6 32. a3 Be8 33.
e5 Bc6 34. Kg1 Ra2 35. Bh3 Bd5 36. a4 Rxa4 37. Rf2 b5 38. Rd2 1/2-1/2

[Event "14. Lichtenberger Sommer"]
[Site "14. Lichtenberger Sommer"]
[Date "2015.08.15"]
[Round "1.46"]
[White "Zesewitz, Maik"]
[Black "Nötzel, Felix"]
[Result "1/2-1/2"]
[WhiteElo "1652"]
[BlackElo "2103"]
[PlyCount "42"]
[EventDate "2015.??.??"]
[WhiteTeam "SF Friedrichshagen"]
[BlackTeam "SF 1903 Berlin"]

1. d4 d5 2. c4 e6 3. Nc3 c6 4. Nf3 dxc4 5. e4 b5 6. a4 Bb4 7. Bd2 a5 8. axb5
Bxc3 9. Bxc3 cxb5 10. b3 Bb7 11. d5 Nf6 12. bxc4 O-O 13. cxb5 Nxe4 14. Bb2 Qxd5
15. Bd3 Rd8 16. Bd4 Nd7 17. Qc2 Ndf6 18. Bc4 Qd6 19. O-O Rac8 20. Rxa5 Qb4 21.
Ra4 Rxc4 1/2-1/2

[Event "14. Lichtenberger Sommer"]
[Site "14. Lichtenberger Sommer"]
[Date "2015.08.15"]
[Round "1.47"]
[White "Nowka, Oliver"]
[Black "Engelhardt, Erhard"]
[Result "1-0"]
[WhiteElo "2071"]
[BlackElo "1805"]
[PlyCount "77"]
[EventDate "2015.??.??"]
[WhiteTeam "Thales (FV Schach)"]
[BlackTeam "SSV Rotation Berlin"]

1. g3 e6 2. Bg2 d5 3. c4 f5 4. Nf3 Bd6 5. Qc2 c6 6. b3 Qe7 7. Bb2 Nf6 8. O-O
O-O 9. d3 Nbd7 10. Nbd2 e5 11. e3 e4 12. Ne1 Ne5 13. c5 Bc7 14. b4 Bd7 15. Nb3
Rfe8 16. Nd4 g5 17. Qb3 g4 18. Qc3 Rf8 19. Ne2 Nf3+ 20. Bxf3 gxf3 21. Nf4 Rae8
22. Nh5 Be5 23. Qxe5 Qxe5 24. Nxf6+ Qxf6 25. Bxf6 Rxf6 26. Rd1 f4 27. Nc2 Bh3
28. Rfe1 exd3 29. Rxd3 Bf5 30. Rc3 Bxc2 31. Rxc2 fxe3 32. Rxe3 Re4 33. Rxe4
dxe4 34. Kf1 Rf7 35. Ke1 Rd7 36. Rc4 Re7 37. Kd2 e3+ 38. fxe3 Rd7+ 39. Rd4 1-0

[Event "14. Lichtenberger Sommer"]
[Site "14. Lichtenberger Sommer"]
[Date "2015.08.15"]
[Round "1.48"]
[White "Strowig, Justin"]
[Black "Hamann, Carsten"]
[Result "0-1"]
[WhiteElo "1835"]
[BlackElo "2116"]
[PlyCount "100"]
[EventDate "2015.??.??"]
[WhiteTeam "SV Mattnetz Berlin"]
[BlackTeam "Preetzer TSV"]

1. e4 Nf6 2. e5 Nd5 3. Nc3 Nxc3 4. bxc3 d6 5. f4 g6 6. Nf3 Bg7 7. Bc4 O-O 8.
O-O c5 9. d4 Nc6 10. Be3 Qc7 11. Nd2 Qa5 12. Qe2 d5 13. Nb3 Qxc3 14. Bxd5 Nxd4
15. Bxd4 cxd4 16. Rf3 Qc7 17. Rd3 Bf5 18. Rdd1 Qxc2 19. Nxd4 Qxe2 20. Nxe2 e6
21. Bf3 f6 22. g4 Bc2 23. Rd2 Ba4 24. Nc3 Bc6 25. Bxc6 bxc6 26. Re1 fxe5 27.
fxe5 Rf4 28. h3 Rc4 29. Rd3 Rc5 30. g5 Rxe5 31. Rxe5 Bxe5 32. Ne4 Rc8 33. Nc5
Re8 34. Kg2 Kf7 35. Nd7 Bg7 36. Ra3 Bd4 37. Ra4 e5 38. Nf6 Re7 39. Rc4 c5 40.
Nd5 Rb7 41. Ra4 Ke6 42. Nf6 Kf5 43. h4 h6 44. Ne8 Rb2+ 45. Kg3 hxg5 46. Nd6+
Ke6 47. Nc4 gxh4+ 48. Kxh4 Rb4 49. Ra6+ Kd5 50. Na5 Ra4 0-1

[Event "14. Lichtenberger Sommer"]
[Site "14. Lichtenberger Sommer"]
[Date "2015.08.15"]
[Round "1.49"]
[White "Miersch, Marco"]
[Black "Radjenovic, Branko"]
[Result "1-0"]
[WhiteElo "2137"]
[BlackElo "1813"]
[PlyCount "67"]
[EventDate "2015.??.??"]
[WhiteTeam "SV Berolina Mitte"]
[BlackTeam "SK Dragojle Babic (Berlin)"]

1. e4 Nf6 2. e5 Nd5 3. d4 d6 4. c4 Nb6 5. exd6 cxd6 6. Nc3 g6 7. Be3 Bg7 8. Be2
O-O 9. Qd2 Nc6 10. d5 Ne5 11. b3 Re8 12. Bh6 Bh8 13. h3 a6 14. f4 Ned7 15. Nf3
Nc5 16. O-O Bf5 17. g4 Ne4 18. Nxe4 Bxa1 19. Rxa1 Bxe4 20. Qd4 f6 21. Qxe4 e5
22. dxe6 d5 23. cxd5 Qxd5 24. Qxd5 Nxd5 25. f5 g5 26. h4 gxh4 27. Rc1 Re7 28.
Nd2 Nc7 29. Ne4 Ne8 30. Nc5 Rc8 31. Nd7 Rxc1+ 32. Bxc1 Kg7 33. g5 h6 34. gxf6+
1-0

[Event "14. Lichtenberger Sommer"]
[Site "14. Lichtenberger Sommer"]
[Date "2015.08.15"]
[Round "1.50"]
[White "Steiner, Dominik"]
[Black "Pluska, Alexander"]
[Result "0-1"]
[WhiteElo "1622"]
[BlackElo "2030"]
[PlyCount "72"]
[EventDate "2015.??.??"]
[WhiteTeam "SR Heuberg-Gosheim"]
[BlackTeam "SK Doppelbauer Kiel"]

1. e4 c5 2. Nf3 e6 3. d4 cxd4 4. Nxd4 a6 5. Nc3 b5 6. a3 Bb7 7. b4 Qc7 8. Bb2
Nf6 9. Bd3 Nc6 10. Nf3 Be7 11. O-O O-O 12. Re1 d6 13. Ne2 Rfd8 14. Nf4 Ne5 15.
Ng5 Qb6 16. h3 Rac8 17. Rc1 Nfg4 18. hxg4 Bxg5 19. g3 Nc4 20. Bxc4 Rxc4 21. Qf3
e5 22. Re2 exf4 23. gxf4 Be7 24. g5 Bf8 25. f5 Re8 26. g6 Rexe4 27. gxf7+ Kxf7
28. Qh5+ Kg8 29. Rxe4 Rxe4 30. f6 Rf4 31. Rf1 g6 32. Qe2 d5 33. Qe5 Rg4+ 34.
Kh1 d4+ 35. f3 Qd6 36. Qe8 Rh4+ 0-1